[Event "Let's Play Chess!"]
[Site "http://www.queenalice.com/game.php?id=677383"]
[Date "2009.11.3"]
[Round "-"]
[White "charles31"]
[Black "Mikejr"]
[Result "1-0"]
[WhiteElo "1803"]
[BlackElo "1709"]

1. Nc3 d5 2. d4 Nf6 3. Bg5 h6 4. Bxf6 exf6 5. h3 Bb4 6. Qd3 a6 7. a3 Be7 8. e4
c6 9. exd5 cxd5 10. Qf3 Be6 11. Bd3 O-O 12. g4 Qb6 13. b3 Qxd4 14. Nge2 Qe5 15.
Kf1 Nc6 16. Kg2 Rac8 17. Na4 Bd6 18. Rae1 d4 19. Nb6 Rcd8 20. b4 Be7 21. Nc4 Qd5
22. Nf4 Qxf3+ 23. Kxf3 g5 24. Nh5 Bd5+ 25. Ke2 Bxh1 26. Rxh1 b5 27. Nd2 Ne5 28.
f4 Nxd3 29. Kxd3 gxf4 30. Nxf4 f5 31. gxf5 Kh8 32. Ne4 1-0

[Event "Let's Play Chess!"]
[Site "http://www.queenalice.com/game.php?id=699273"]
[Date "2009.12.17"]
[Round "-"]
[White "Mikejr"]
[Black "Mikalus"]
[Result "1-0"]
[WhiteElo "1727"]
[BlackElo "1858"]

1. e4 c5 2. Bc4 Nc6 3. Qh5 e6 4. Qd1 a6 5. Nf3 b5 6. Be2 Nf6 7. d3 Ng4 8. Bg5
Be7 9. Qd2 Nge5 10. h4 Nxf3+ 11. Bxf3 Nd4 12. Bg4 Bxg5 13. hxg5 Bb7 14. c3 Nc6
15. Qe3 Qe7 16. Nd2 Na5 17. O-O-O c4 18. Bf3 Rc8 19. b4 cxb3 20. Kb2 Qa3+ 21.
Kxa3 1-0

[Event "The Sheik Yerbouti Tango"]
[Site "http://www.queenalice.com/game.php?id=702249"]
[Date "2009.12.23"]
[Round "-"]
[White "Mikejr"]
[Black "decimator"]
[Result "0-1"]
[WhiteElo "1748"]
[BlackElo "2211"]

1. e4 e5 2. Nf3 Nc6 3. d3 Bb4+ 4. Bd2 d6 5. a3 Bxd2+ 6. Nbxd2 Nf6 7. h3 O-O 8.
Nb3 Be6 9. Nbd2 d5 10. Nxe5 Qd6 11. Nef3 dxe4 12. dxe4 Ne5 13. Bd3 Nxd3+ 14.
cxd3 Qxd3 15. Ne5 Qd4 16. Nef3 Qxb2 17. Qb1 Qxb1+ 18. Rxb1 b6 19. O-O Rfe8 20.
e5 Nd5 21. Rfe1 c5 22. Ng5 h6 23. Nge4 Bf5 24. Nc4 Bxe4 25. Rbd1 Nc3 26. Rd2 Bg6
27. f4 Rad8 28. Nd6 Re7 29. Rc1 Nb5 30. a4 Nxd6 31. exd6 Re6 32. d7 Re4 33. Rf1
Bf5 34. Rfd1 Rxa4 35. g4 Be4 36. Re1 Bc6 37. Red1 Rxf4 38. Rd6 Ba4 39. Ra1 Rb4
40. Kg2 a5 41. Ra2 Rxd7 0-1

[Event "Let's Play Chess!"]
[Site "http://www.queenalice.com/game.php?id=713928"]
[Date "2010.1.14"]
[Round "-"]
[White "Mikejr"]
[Black "elche"]
[Result "0-1"]
[WhiteElo "1746"]
[BlackElo "1639"]

1. e4 c5 2. d4 cxd4 3. Qxd4 Nc6 4. Qd2 Nf6 5. Nc3 e6 6. Qd1 Bb4 7. Bd2 O-O 8. a3
Bxc3 9. Bxc3 Nxe4 10. Qd3 Nxc3 11. Qxc3 d5 12. Nf3 Qf6 13. Qxf6 gxf6 14. O-O-O
Kh8 15. Bd3 Rg8 16. g3 e5 17. Be2 d4 18. Nh4 Be6 19. Rhf1 Bh3 20. Rfe1 Be6 21.
Bf3 Rab8 22. Be4 Bg4 23. Rd3 Rbd8 24. Rb3 Bc8 25. Rf3 Rd6 26. Bf5 Ne7 27. Bd3
Bg4 28. Rf5 Bxf5 29. Bxf5 Nxf5 30. Nxf5 Re6 31. Rd1 Rd8 32. c4 b6 33. Nh6 Kg7
34. Nf5+ Kg6 35. g4 h6 36. Rg1 e4 37. Kd2 e3+ 38. fxe3 dxe3+ 39. Kc3 e2 40. Re1
Rd1 41. Nh4+ Kg5 42. Nf3+ Kxg4 43. Nd4 Re3+ 44. Kc2 Rxe1 45. Kd2 Rd1+ 46. Kxe3
e1=Q+ 47. Ne2 Rb1 48. b4 Rb3+ 0-1

[Event "Challenge"]
[Site "http://www.queenalice.com/game.php?id=725487"]
[Date "2010.2.3"]
[Round "-"]
[White "zemaria"]
[Black "Mikejr"]
[Result "1-0"]
[WhiteElo "1858"]
[BlackElo "1740"]

1. e4 e5 2. Nf3 Nf6 3. Nc3 Nc6 4. d4 exd4 5. Nxd4 Bb4 6. Nb5 a6 7. Nd4 Nxe4 8.
Qd3 Qe7 9. Be2 Qh4 10. g3 Qe7 11. O-O Bxc3 12. bxc3 O-O 13. Re1 d5 14. a4 Qf6
15. Bf4 Ne5 16. Qe3 c6 17. f3 Nc5 18. Bxe5 Re8 19. Bf1 Qg6 20. Bd3 Qh5 21. Qf4
f6 22. Bd6 Be6 23. Bxc5 Qf7 24. Qh4 h6 25. Nxe6 Rxe6 26. Bf5 Re5 27. Qh3 g6 28.
Bd3 Rae8 29. Bf2 h5 30. f4 R5e7 31. Qf1 f5 32. Rxe7 Rxe7 33. Re1 Rd7 34. a5 Qf8
35. Qe2 Rd8 36. Bd4 c5 37. Qe6+ Kh7 38. Qe7+ Kg8 39. Bxc5 b6 40. Qe6+ Qf7 41.
Bxb6 Qxe6 42. Rxe6 Rf8 43. Rxg6+ Kh7 44. Re6 Rc8 45. Bd4 1-0

[Event "Challenge"]
[Site "http://www.queenalice.com/game.php?id=731509"]
[Date "2010.2.13"]
[Round "-"]
[White "ORNELAS"]
[Black "Mikejr"]
[Result "0-1"]
[WhiteElo "1667"]
[BlackElo "1729"]

1. d4 d5 2. c3 Nc6 3. Bf4 Nf6 4. Nf3 h6 5. Nbd2 Bg4 6. g3 Qd7 7. Bg2 O-O-O 8. b4
g5 9. Be5 Bg7 10. O-O Ne8 11. Bxg7 Nxg7 12. Ne5 Nxe5 13. dxe5 Qe6 14. Nf3 Bxf3
15. exf3 Qxe5 16. Qa4 Kb8 17. Rac1 e6 18. b5 Qd6 19. a3 Nf5 20. Rcd1 h5 21. Qa5
h4 22. gxh4 Rxh4 23. c4 Rxc4 24. b6 a6 25. bxc7+ Rxc7 26. a4 Rc5 27. Qd2 Rc4 28.
Qxg5 Nh4 29. Qf6 Qf8 30. Qe5+ Ka7 31. Qe3+ Ka8 32. Rb1 Qg8 33. Qb6 Qxg2# 0-1

[Event "Challenge"]
[Site "http://www.queenalice.com/game.php?id=732967"]
[Date "2010.2.16"]
[Round "-"]
[White "ORNELAS"]
[Black "Mikejr"]
[Result "0-1"]
[WhiteElo "1678"]
[BlackElo "1746"]

1. d4 d5 2. c3 Nc6 3. Bg5 h6 4. Bf4 Nf6 5. Nd2 Bf5 6. Ngf3 Nh5 7. Be5 f6 8. Nh4
Bh7 9. Bg3 g5 10. Nhf3 Qd7 11. Nh4 gxh4 12. Bxh4 Nf4 13. g3 Ng6 14. Bg2 O-O-O
15. Nf3 Kb8 16. Bxf6 exf6 17. O-O Nge7 18. b4 Be4 19. a4 Nf5 20. b5 Na5 21. Ra2
Nc4 22. Nd2 Bxg2 23. Kxg2 Rg8 24. Nxc4 h5 25. Na5 Bd6 26. b6 cxb6 27. Nb3 h4 28.
Rg1 Rc8 29. Qd3 Qe6 30. a5 a6 31. axb6 Bf8 32. Rxa6 Rc6 33. Rga1 Rxb6 34. Ra8+
Kc7 35. Nc5 Bxc5 36. R8a5 Be7 37. Ra8 Rg5 38. Kf1 Qe4 39. Qd1 h3 40. f3 Qe6 41.
Qa4 Nd6 42. Qa7 Nc8 43. Qb8+ Kc6 44. c4 Bd6 45. Qxc8+ Qxc8 46. Rxc8+ Bc7 47. c5
Rb4 48. Rd1 Rh5 49. g4 Rh7 50. Rf8 Rh6 51. Rf7 Bxh2 52. Kf2 Bf4 53. e3 Rb2+ 54.
Kg1 Bxe3+ 55. Kh1 h2 56. Re7 Bxd4 57. Re6+ Kxc5 58. g5 Rg6 59. Rc1+ Kb5 60. f4
Rg7 61. Rd1 Rh7 62. Ree1 Kc5 63. Rc1+ Kd6 64. g6 Rh4 65. g7 Rg4 66. f5 Rxg7 67.
Re6+ Kd7 68. Ree1 Rg5 69. Rf1 b5 70. Rcd1 Rg4 71. Ra1 b4 72. Ra5 Rg1+ 73. Rxg1
hxg1=Q# 0-1

[Event "Challenge"]
[Site "http://www.queenalice.com/game.php?id=734156"]
[Date "2010.2.19"]
[Round "-"]
[White "Mikejr"]
[Black "zemaria"]
[Result "1/2-1/2"]
[WhiteElo "1743"]
[BlackElo "1818"]

1. d4 Nf6 2. e3 d5 3. h3 e6 4. Bb5+ c6 5. Be2 Ne4 6. Bd3 f5 7. Nf3 Nd7 8. O-O
Bd6 9. Qe1 b6 10. a4 a6 11. Bxe4 fxe4 12. Nfd2 Bb8 13. Qe2 Nf6 14. Nb3 Qd6 15.
g3 Bc7 16. Bd2 Bb7 17. a5 b5 18. Qe1 Qe7 19. Nc5 Bd6 20. Nb3 h5 21. Nc3 h4 22.
g4 O-O-O 23. Qe2 Bc7 24. f3 exf3 25. Rxf3 Rdf8 26. Raf1 Nd7 27. R1f2 Bg3 28. Rf1
Rxf3 29. Rxf3 Rf8 30. Kg2 e5 31. Be1 Bxe1 32. Qxe1 e4 33. Rf1 Qg5 34. Nc5 Qe7
35. b4 g5 36. Ne2 Nf6 37. Rf2 Ne8 38. Qf1 Rxf2+ 39. Qxf2 Kb8 40. c3 Nd6 41. Nc1
Bc8 42. Ne2 Nc4 43. Nc1 1/2-1/2

[Event "Let's Play Chess!"]
[Site "http://www.queenalice.com/game.php?id=761249"]
[Date "2010.4.15"]
[Round "-"]
[White "Mikejr"]
[Black "gustavline"]
[Result "1-0"]
[WhiteElo "1759"]
[BlackElo "1838"]

1. e4 e6 2. e5 d5 3. d4 c5 4. c4 b6 5. Nf3 Nc6 6. Bg5 f6 7. exf6 Nxf6 8. Be2 Be7
9. O-O O-O 10. Nc3 a6 11. a4 Nd7 12. Be3 Nf6 13. Ng5 Ne8 14. f4 Bxg5 15. fxg5
Nc7 16. b3 Rxf1+ 17. Bxf1 Ne7 18. Bd3 g6 19. h4 Nf5 20. Bf2 Bb7 21. Qe2 Qd6 22.
Bxf5 exf5 23. Qd3 Re8 24. Bg3 Qd7 25. Kf1 Bc8 26. Re1 Rxe1+ 27. Bxe1 dxc4 28.
Qxc4+ Qe6 29. Qxe6+ Nxe6 30. d5 Nd4 31. d6 Bd7 32. Nd5 b5 33. Nf6+ 1-0

[Event "CONTEMPLATIF"]
[Site "http://www.queenalice.com/game.php?id=779487"]
[Date "2010.5.22"]
[Round "5"]
[White "muppyman"]
[Black "Mikejr"]
[Result "1-0"]
[WhiteElo "2085"]
[BlackElo "1778"]

1. e4 e5 2. Nf3 d5 3. exd5 e4 4. Qe2 Qe7 5. Nd4 Nf6 6. Nc3 a6 7. d3 exd3 8.
Qxe7+ Bxe7 9. Bxd3 Bb4 10. Bd2 O-O 11. Bc4 Re8+ 12. Nde2 Bg4 13. f3 Bf5 14.
O-O-O Bxc3 15. Bxc3 b5 16. Bxf6 gxf6 17. Ng3 Bg6 18. Bd3 Nd7 19. d6 c6 20. f4 h6
21. Bf5 Nc5 22. d7 Red8 23. Bh3 Ne4 24. f5 Nxg3 25. hxg3 Bh7 26. Rd6 c5 27. Rhd1
Kg7 28. g4 Ra7 29. g3 Kf8 30. Rxf6 Rdxd7 31. Rxd7 Rxd7 32. Rxh6 Kg7 33. Rxa6 f6
34. Bg2 Re7 35. g5 Re1+ 36. Kd2 Rg1 37. gxf6+ Kf8 38. Bd5 Ke8 39. f7+ Ke7 40.
f6+ 1-0

[Event "Let's Play Chess!"]
[Site "http://www.queenalice.com/game.php?id=821736"]
[Date "2010.8.23"]
[Round "-"]
[White "pcescritor"]
[Black "Mikejr"]
[Result "1-0"]
[WhiteElo "1803"]
[BlackElo "1774"]

1. e4 e5 2. Qh5 Nc6 3. Nf3 Nf6 4. Qf5 h6 5. Nxe5 d6 6. Nxc6 bxc6 7. Qf4 Qe7 8.
Bd3 Nd5 9. Qf3 Nb4 10. O-O c5 11. a3 Nc6 12. Re1 Ne5 13. Qe3 Qh4 14. h3 Be7 15.
Bb5+ Bd7 16. Bxd7+ Nxd7 17. Nc3 O-O 18. b3 a6 19. Bb2 Bf6 20. Rab1 Rfe8 21. Nd5
Rac8 22. Qg3 Re6 23. Nxf6+ Qxf6 24. Bxf6 Nxf6 25. e5 dxe5 26. Rxe5 Nd7 27. Rd5
Nf6 28. Rxc5 Ne4 29. Qe3 Nxc5 30. Qxc5 Kh7 31. Qf5+ Kg8 32. d4 Rce8 33. Kf1 g6
34. Qf4 Re4 35. Qd2 h5 36. d5 Re2 37. Qc3 R2e5 38. Qc6 R8e7 39. c4 Kg7 40. Qxa6
Re8 41. b4 Rf5 42. Qc6 Re7 43. b5 Kf8 44. d6 cxd6 45. Qxd6 Re5 46. b6 Re6 47.
Qd4 Kg8 48. b7 Re8 49. b8=Q Kh7 50. Qbb2 Rg8 51. Re1 g5 52. Rxe6 fxe6 53. Qf6 g4
54. Qb7+ 1-0

[Event "Let's Play Chess!"]
[Site "http://www.queenalice.com/game.php?id=844857"]
[Date "2010.10.12"]
[Round "-"]
[White "Mikejr"]
[Black "Scharlatan"]
[Result "1-0"]
[WhiteElo "1759"]
[BlackElo "1870"]

1. d4 Nf6 2. e3 c5 3. d5 e5 4. Qf3 d6 5. e4 Be7 6. Nc3 a6 7. h3 b5 8. a3 Nbd7 9.
Nge2 O-O 10. Ng3 Ne8 11. Nf5 Kh8 12. Qg3 g6 13. Nh6 Ng7 14. Qf3 f5 15. h4 Nf6
16. g3 fxe4 17. Nxe4 Ng4 18. Nf7+ Rxf7 19. Qxf7 Bf5 20. f3 Nh6 21. Bxh6 1-0

[Event "Let's Play Chess!"]
[Site "http://www.queenalice.com/game.php?id=920223"]
[Date "2011.3.31"]
[Round "-"]
[White "Mikejr"]
[Black "carionic"]
[Result "0-1"]
[WhiteElo "1804"]
[BlackElo "1382"]

1. e4 d5 2. e5 Nh6 3. h3 Nc6 4. Bb5 e6 5. Nf3 a6 6. Bf1 f6 7. Qe2 Nb4 8. d4 fxe5
9. Qxe5 Nxc2+ 10. Kd1 Nxa1 11. b3 Qd6 12. Bb2 Qxe5 13. dxe5 Nxb3 14. axb3 Bb4
15. Bd3 Nf5 16. g4 Ne7 17. Nd4 O-O 18. Nc2 a5 19. Ke2 b6 20. Nd4 c5 21. Nb5 Nc6
22. Nc7 Bb7 23. Nxe6 Rf7 24. Bb5 Nd4+ 25. Nxd4 cxd4 26. Bxd4 Bc5 27. Rd1 Bxd4
28. Rxd4 Rc8 29. f3 Rc2+ 30. Nd2 Rfc7 31. Bd3 Rb2 32. Kd1 Ra2 33. Bb1 Rb2 34. f4
b5 35. Bd3 Bc6 36. e6 a4 37. bxa4 bxa4 38. Nb1 Be8 39. f5 Ra7 40. Kc1 a3 41.
Rxd5 Rh2 42. Rd8 Rc7+ 43. Kd1 Kf8 44. Nxa3 Ra7 45. Nc2 Ke7 46. Rb8 Ba4 47. Rb2
Rxh3 48. Kd2 Rg3 49. Ne3 Bc6 50. Nf1 Rg2+ 51. Be2 Bf3 52. Ke1 Ra1+ 53. Kd2 Bxe2
54. Ne3 Rh2 55. Rb7+ Kd6 56. Kc3 Ra3+ 57. Kd2 Bf3+ 58. Ke1 Ra1+ 0-1

[Event "Let's Play Chess!"]
[Site "http://www.queenalice.com/game.php?id=1357202"]
[Date "2015.5.3"]
[Round "-"]
[White "Mikejr"]
[Black "charles31"]
[Result "1-0"]
[WhiteElo "1749"]
[BlackElo "1654"]

1. e4 e5 2. Qh5 Qf6 3. Nh3 d6 4. Bc4 g6 5. Qe2 h5 6. f3 Bh6 7. Nf2 a6 8. Bb3 Nc6
9. c3 Be6 10. h3 Bxb3 11. axb3 Bg5 12. O-O Qe6 13. Ra3 Bf4 14. b4 Nce7 15. b5 g5
16. bxa6 bxa6 17. Rxa6 Rxa6 18. Qxa6 Nc8 19. Qb5+ Qd7 20. Qb8 Ne7 21. Qa8 f5 22.
Na3 Nc6 23. Nb5 Ke7 24. d3 Bxc1 25. Rxc1 fxe4 26. dxe4 Rd8 27. Qb7 Na5 28. Qxc7
Qxc7 29. Nxc7 Nb6 30. Ra1 Nac4 31. Nd3 Nd7 32. Nb4 Rc8 33. Nbd5+ Kf7 34. b4 Nf6
35. Ra7 Nd7 36. b5 Kf8 37. Ne6+ Ke8 38. Ng7+ Kd8 39. Nxh5 Rb8 40. Ng7 Rxb5 41.
Ra8+ Nb8 42. Ne6+ Kd7 43. Nxg5 Nc6 44. Nf6+ Kc7 45. Ne6+ Kb7 46. Re8 Ne3 47. Nd7
Rb1+ 48. Kf2 Nd1+ 49. Kg3 Nxc3 50. h4 Rb3 51. h5 Nxe4+ 52. Kh4 Nc5 53. Nexc5+
1-0

[Event "Let's Play Chess!"]
[Site "http://www.queenalice.com/game.php?id=1357846"]
[Date "2015.5.6"]
[Round "-"]
[White "Mikejr"]
[Black "Marcelo_Araujo"]
[Result "0-1"]
[WhiteElo "1774"]
[BlackElo "1765"]

1. e4 e5 2. Qh5 Nc6 3. Bc4 Qf6 4. Nf3 g6 5. Qg5 Bc5 6. d3 Nd4 7. Nxd4 Bxd4 8.
Qg3 d6 9. O-O Be6 10. Na3 Bxc4 11. Nxc4 O-O-O 12. Bg5 Qe6 13. Bxd8 Kxd8 14. Na5
Kc8 15. h3 Kb8 16. c3 Bb6 17. Nc4 a6 18. a4 Ba7 19. Qh4 Qf6 20. Qg3 Nh6 21. Kh2
Qe6 22. Qh4 g5 23. Qg3 f6 24. f3 Nf7 25. Ra3 Rg8 26. b4 Nd8 27. b5 b6 28. bxa6
Nc6 29. Rb1 Kc8 30. a5 Nxa5 31. Nxa5 bxa5 32. Rb7 Bb6 33. Qe1 Kd7 34. Qb1 Ra8
35. Qb5+ Kc8 36. Rxa5 Bxa5 37. Qxa5 Qd7 38. Rb5 Qc6 39. a7 Rxa7 40. Qb4 Rb7 41.
Rxb7 Qxb7 42. d4 Qxb4 43. cxb4 h5 44. Kg3 exd4 45. Kf2 c5 46. bxc5 dxc5 47. Ke2
Kc7 48. Kd3 Kc6 49. Kc4 h4 50. Kd3 Kb5 0-1

[Event "Challenge"]
[Site "http://www.queenalice.com/game.php?id=1357896"]
[Date "2015.5.6"]
[Round "-"]
[White "Magogue"]
[Black "Mikejr"]
[Result "1-0"]
[WhiteElo "1939"]
[BlackElo "1758"]

1. e4 e5 2. f4 exf4 3. Bc4 Qh4+ 4. Kf1 Bc5 5. d4 Bb6 6. Nf3 Qh5 7. Bxf4 Nc6 8.
c3 Qg4 9. Bxf7+ Kxf7 10. Ng5+ Qxg5 11. Bxg5 Nf6 12. Bxf6 gxf6 13. Qh5+ Ke7 14.
Qh6 Kf7 15. Nd2 Ne7 16. Ke2 d5 17. Rhf1 Ng6 18. e5 Bg4+ 19. Kd3 f5 20. h3 f4 21.
Rxf4+ Nxf4+ 22. Qxf4+ Ke8 23. Qxg4 Ke7 24. Rf1 Rhf8 25. Qg7+ 1-0

[Event "Let's Play Chess!"]
[Site "http://www.queenalice.com/game.php?id=1363927"]
[Date "2015.6.6"]
[Round "-"]
[White "Mikejr"]
[Black "Bategoll"]
[Result "0-1"]
[WhiteElo "1761"]
[BlackElo "1891"]

1. d4 Nf6 2. Nc3 d5 3. Nf3 e6 4. a3 Nc6 5. e3 Bd6 6. Bb5 Bd7 7. h3 Qe7 8. Qe2
O-O 9. O-O Rad8 10. Bd3 e5 11. dxe5 Nxe5 12. e4 Nxf3+ 13. Qxf3 Qe5 14. g3 Bxh3
15. Re1 d4 16. Ne2 g5 17. Qh1 g4 18. Bf4 Qc5 19. f3 h5 20. b4 Qb6 21. Bg5 Be7
22. e5 Nd5 23. c4 Bxg5 24. cxd5 Be3+ 25. Kh2 Rxd5 26. fxg4 hxg4 27. Ng1 Rxe5 28.
Nxh3 gxh3 29. Qf3 Rg5 30. Qe4 Qh6 31. g4 Qh4 32. Rxe3 Qf2+ 33. Kxh3 Qxe3+ 34.
Kh4 Qxe4 35. Bxe4 f6 36. Bxb7 Kg7 37. Rc1 Rf7 38. Be4 Re7 39. Bf5 Rxf5 40. gxf5
Rd7 41. Rd1 d3 42. Rd2 Kh6 43. Kg3 Kg5 44. Kf3 Kxf5 45. Ke3 Ke5 46. Rxd3 Rxd3+
47. Kxd3 Kd5 48. a4 a6 49. a5 c6 50. Kc3 f5 51. b5 cxb5 0-1

[Event "Challenge"]
[Site "http://www.queenalice.com/game.php?id=1366487"]
[Date "2015.6.19"]
[Round "-"]
[White "Mikejr"]
[Black "JORAM2205"]
[Result "1-0"]
[WhiteElo "1750"]
[BlackElo "1740"]

1. d4 d5 2. Nc3 Nc6 3. Nf3 e6 4. Nb5 h6 5. Be3 Nf6 6. a3 a6 7. Nc3 Ng4 8. h3
Nxe3 9. fxe3 Bd6 10. e4 Bg3+ 11. Kd2 O-O 12. Kc1 b5 13. e3 b4 14. Ne2 Bd6 15. e5
Be7 16. h4 f6 17. Nf4 Qe8 18. Bd3 f5 19. Qe1 a5 20. a4 Rb8 21. Nd2 b3 22. Bb5
Qd7 23. Nh5 Rf7 24. Nxb3 Bb4 25. c3 Be7 26. Nxa5 Bb7 27. Qg3 Qd8 28. Nb3 Ra8 29.
Qg6 Qe8 30. Qxe6 Qf8 31. Qxd5 Rd8 32. Qc4 Bb4 33. cxb4 Ne7 34. Nf4 Bd5 35. Qc3
c6 36. Be2 Be6 37. Nxe6 Qe8 38. Nxd8 Qxd8 39. b5 Nd5 40. Qd2 Qc8 41. Nc5 Re7 42.
Bc4 Kf8 43. Rf1 Qd8 44. Rxf5+ Kg8 45. bxc6 Kh8 46. Qf2 Re8 47. Qf3 Ne7 48. Rh5
Qc7 49. Qf7 Rg8 50. b4 1-0